000 00335nam a2200109Ia 4500
008 171211s9999 xx 000 0 und d
245 _aGood Intentions Are Not Enough: Why We Fail At Helping Others
245 _cRobin Boon Peng Low
260 _c2016
650 _xPSYCHOLOGY
856 _uhttp://down.ebook777.com/062/9789813200579.pdf
999 _c349271
_d349271